000
00307nam a2200145Ia 4500
100
_a
Lal/M/ Khanna/O.P
942
_c
BK
654
_a
foundry
245
_a
Foundry Technology
260
_b
DHANPAT RAI AND SONS
_a
Delhi
_c
1984
082
_a
671.2
_b
LAL
300
_a
584
546
_a
ENGLISH
999
_c
29560
_d
29560